| 000 | 00383nam a2200157Ia 4500 | ||
|---|---|---|---|
| 003 | 0STCL | ||
| 008 | 150530s9999 xx 000 0 und d | ||
| 040 |
_aSTCL _cSTCL |
||
| 100 | _aGerard Adams, F.; Norman Glickman, J. | ||
| 245 | _aModeling the multiregional economic system | ||
| 260 | _c1980 | ||
| 546 | _aEnglish | ||
| 942 |
_2ddc _cBK |
||
| 999 |
_c9306 _d9306 |
||
| 005 | 20220125165525.0 | ||